Statistiques concernant Petit bac Harry Potter - I

Cliquez ici pour prendre le quiz!

Statistiques générales

  • Ce quiz a été pris 310 fois
    (209 depuis la dernière actualisation)
  • Le résultat moyen est 2 sur 6

Statistiques - réponses

ThèmeMot% Correct
SortilègeImpero / Immobulus / Impedimenta / Impervius / Incarcerem / Incarcifors / Incendio
75%
PersonnageIgor Karkaroff / Irma Pince / Ignotus Peverell
73%
LieuImpasse du Tisseur / Ilvermorny / Infirmerie
34%
CréatureInferi
17%
Potion / Ingrédient de potionsInfusion infecte
5%
ObjetInsigne de préfet
4%

Distribution des résultats

Percentile par nombre de réponses

% des personnes avec chaque résultat

Votre développement - résultats

Vous n’avez pas pris ce quiz depuis la dernière actualisation